000 01739nam0a2200349 4500
001 RU\NLR\bibl\1660644
005 20260405155042.0
010 _a978-5-91091-024-3
_9100
021 _aRU
_b2010-49309
_93267
035 _a(NLR Aleph) 001651932
090 _a927297
_c927297
100 _a20100803d2009 |||y0rusy50 ca
101 0 _arus
102 _aRU
105 _aa |||||||||
200 1 _aИнновации и кадровая модернизация системы образования в Пермском крае
_eмонография
_f[Кассина Р.А., Антипьев А.Г., Н.Н. Захаров и др.
_gнауч. ред.: Р.А. Кассина, к.пед.н. и др.]
_gМ-во образования Перм. края, Прикам. соц. ин-т, Прикам. соврем. соц.-гуманитар. колледж
210 _aПермь
_cПСИ
_cПССГК
_d2009
215 _a143 с.
_cсхем.
_d21
300 _aАвт. указаны в конце кн.
320 _aБиблиогр.: с. 140-141 (26 назв.)
606 1 _aСреднее образование
_yПермский край
_92601988
_3RU\NLR\auth\661538546
686 _aЧ424(2Р-4Пе)
701 1 _aКассина
_bР. А.
_gРаиса Алексеевна
_4070
701 1 _4070
_8rus
_7ca
_aАнтипьев
_bА. Г.
_f1941-
_gАнатолий Григорьевич
_3RU\NLR\auth\7765901
_948830
701 1 _4070
_8rus
_7ca
_aЗахаров
_bН. Н.
_cканд. филос. наук
_f1950-
_gНиколай Николаевич
_3RU\NLR\auth\7765899
_948828
801 0 _aRU
_bNLR
_c20100803
_gRCR
801 1 _aRU
_bNLR
_c20100803
942 _cBOOK
980 _aNB
980 _aNBR